00477nam a2200145Ia 4500008004100000041000800041082001700049100002100066245002000087260004400107300002400151365000900175999001700184952013000201240624s9999 xx 000 0 und d aeng a332.6323 WIL aWILSON RICHARD S aCORPORATE BONDS c1995aPennsylvaniabJohn Wiley and Sons a374 : p. : cm. ; 24 cb30 c11118d11118 00104070aIMTNbIMTNcRack 12-Ad2008-10-15eBWEg79.95n4875o332.6323 WILp11118r2024-06-24 00:00:00t48w2024-06-24yBK